000 00228nam a2200097Ia 4500
008 220204s9999 xx 000 0 und d
082 _a82-34
_bNIL
100 _aNilima Sinha
245 0 _aVanishing tract at Chandipur
942 _cBK
999 _c38593
_d38593